00477nam a2200085Ia 4500008004100000245001600041300027000057650001600327856004800343170517s9999 xx 000 0 und d aModern Meat aWhat could be simpler than a hamburger? Take a ground beef patty, throw it on a grill, wait a few minutes as the fat sizzles, maybe add some cheese, and stick it on a bun. It's a thoroughly American operation that takes place countless times a day all around the... xTechnology. uhttp://topdocumentaryfilms.com/modern-meat/